000 00271nam a22001217a 4500
008 170616b xxu||||| |||| 00| 0 eng d
041 _aeng
080 _a32
100 _a20
101 _aSHP
245 _aIT MATTERS AMERICAN GOVERNMENT
_cMYPOLISCILAB
942 _2udc
_cBK
999 _c17743
_d17743